00330 2200145 4500001002100000005001500021035002000036245004500056300000800101260003300109082000800142084001200150990001100162990001100173INLIS00000000000260920250605023151 a0010-0625000195 aBerapakah Berat Bumi? /cMarshall Brains a146 aJakarta :bPakar Raya,c2003 a550 a550 BER a032040 a032041